ՀՀ Գիտությունների ազգային ակադեմիայի հիմնարար գիտական գրադարան  =   Fundamental Scientific Library of NAS RA

Երևան քաղաք : (Record no. 377913)

MARC details
000 -LEADER
fixed length control field 00996nam a2200253 i 4500
001 - CONTROL NUMBER
control field 001188208
003 - CONTROL NUMBER IDENTIFIER
control field AM-YeHGA
005 - DATE AND TIME OF LATEST TRANSACTION
control field 20250618074620.0
008 - FIXED-LENGTH DATA ELEMENTS--GENERAL INFORMATION
fixed length control field 161109s2016 ai a|||er|||||000|p|arm||
020 ## - INTERNATIONAL STANDARD BOOK NUMBER
International Standard Book Number 9789939517292
040 ## - CATALOGING SOURCE
Original cataloging agency AM-YeHGA
041 0# - LANGUAGE CODE
Language code of text/sound track or separate title arm
090 ## - LOCALLY ASSIGNED LC-TYPE CALL NUMBER (OCLC); LOCAL CALL NUMBER (RLIN)
-- 379825
100 1# - MAIN ENTRY--PERSONAL NAME
Personal name Հուսիկ, Արա,
Dates associated with a name 1967-
245 10 - TITLE STATEMENT
Title Երևան քաղաք :
Remainder of title [Բնաստեղծություններ] /
Statement of responsibility, etc. Հուսիկ Արա; Խմբ.՝ Ա. Նիկողոսյան; Նկ.՝ Մառամ Ավա; Կազմի լուսանկ.՝ Ս. Ադամյան.
260 ## - PUBLICATION, DISTRIBUTION, ETC.
Place of publication, distribution, etc. Երևան :
Name of publisher, distributor, etc. Անտարես,
Date of publication, distribution, etc. 2016.
300 ## - PHYSICAL DESCRIPTION
Extent 72 էջ :
Other physical details նկ. ;
Dimensions 20 սմ.
650 14 - SUBJECT ADDED ENTRY--TOPICAL TERM
Topical term or geographic name entry element Հայ պոեզիա
Chronological subdivision 21-րդ դար
650 14 - SUBJECT ADDED ENTRY--TOPICAL TERM
Topical term or geographic name entry element Հայ գրականություն
General subdivision Պոեզիա
651 #4 - SUBJECT ADDED ENTRY--GEOGRAPHIC NAME
Geographic name Երևան
Form subdivision Պոեզիա
700 1# - ADDED ENTRY--PERSONAL NAME
Personal name Նիկողոսյան, Արքմենիկ Հրայրի,
Dates associated with a name 1979-
Relator term խմբ.
Relationship edt
9 (RLIN) 4117
700 1# - ADDED ENTRY--PERSONAL NAME
Personal name Ավա, Մառամ
Relator term նկ.
Relationship ill
700 1# - ADDED ENTRY--PERSONAL NAME
Personal name Ադամյան, Ս
Relator term լուսանկ.
Relationship pht
Holdings
Withdrawn status Lost status Damaged status Not for loan Collection Home library Current library Date acquired Cost, normal purchase price Shelving control number Total checkouts Full call number Barcode Date last seen Price effective from Koha item type Public note
        General Fundamental Scientific Library Fundamental Scientific Library 11/01/2017 1350.00     AII/102006 FL0440039 11/01/2017 11/01/2017 Գրքեր / Books 30 Days Loan


ՀՀ ԳԱԱ հիմնարար գիտական գրադարան
ՀՀ,Երևան 0019
Մարշալ Բաղրամյան 24/6
հեռախոս:(374-10) 52-47-50
Հետադարձ կապ

All site content, except where otherwise noted, is licensed under a
Creative Commons License